Banzar Mann Punjab (ਬੰਜਰ ਮਨ ਪੰਜਾਬ) (Record no. 10006)
[ view plain ]
| 000 -LEADER | |
|---|---|
| fixed length control field | 00435nam a22001337a 4500 |
| 003 - CONTROL NUMBER IDENTIFIER | |
| control field | OSt |
| 005 - DATE AND TIME OF LATEST TRANSACTION | |
| control field | 20240409161422.0 |
| 008 - FIXED-LENGTH DATA ELEMENTS--GENERAL INFORMATION | |
| fixed length control field | 240409b |||||||| |||| 00| 0 eng d |
| 040 ## - CATALOGING SOURCE | |
| Transcribing agency | Central Library MRSPTU |
| 100 ## - MAIN ENTRY--PERSONAL NAME | |
| Personal name | Jasvir Singh Sheeri (ਜਸਵੀਰ ਸਿੰਘ ਸ਼ੀਰੀ) |
| Dates associated with a name | |
| 245 ## - TITLE STATEMENT | |
| Title | Banzar Mann Punjab (ਬੰਜਰ ਮਨ ਪੰਜਾਬ) |
| Remainder of title | |
| 300 ## - PHYSICAL DESCRIPTION | |
| Extent | 96 |
| 942 ## - ADDED ENTRY ELEMENTS (KOHA) | |
| Source of classification or shelving scheme | Dewey Decimal Classification |
| Koha item type | Book |
| Suppress in OPAC | No |
| Withdrawn status | Lost status | Source of classification or shelving scheme | Damaged status | Not for loan | Collection | Home library | Current library | Date acquired | Total checkouts | Barcode | Date last seen | Date last checked out | Price effective from | Koha item type |
|---|---|---|---|---|---|---|---|---|---|---|---|---|---|---|
| Dewey Decimal Classification | BK | MRSPTU Central Library | MRSPTU Central Library | 04/09/2024 | 2 | G-173 | 02/16/2026 | 11/14/2025 | 04/09/2024 | Book |
